Words that rhyme with lick - Statistics

General Stats
  • This quiz has been taken 947 times
    923 since last reset
  • The average score is 13 of 15
Answer Stats
Hint Answer % Correct
Name begging with N Nick
98%
Mans name beggining with R Rick
98%
Mans name begging with M Mick
97%
Baby chicken Chick
96%
What magicians perform Trick
94%
Richard shortened Dick
91%
What dogs fetch Stick
91%
Parasites mammals get Tick
90%
F___k Flick
89%
Footballers ____ a footbal Kick
89%
C___k Click
88%
Vomit or really good Sick
86%
Used to build houses Brick
85%
Really fast Quick
85%
Really dumb Thick
61%
No matching quizzes found
Score Distribution
Percent of People with Each Score
Percentile by Number Answered
Your Score History
You have not taken this quiz since the last reset